000 01034cam a2200253 i 4500
003 SA-RiAUC
005 20260107115730.0
008 251126s1986 ku o g f000r0 ara c
040 _aSA-RiAUC
_bara
_cSA-RiAUC
_erda
082 0 4 _a091.106
090 _a091.106
_bج ر ا
100 1 _aجرادة، غازي سعيد.
_eمؤلف.
245 1 0 _aمعهد المخطوطات العربية :
_bأهداف ونشاطات /
_cإعداد غازي سعيد جرادة.
264 1 _aالكويت :
_bمعهد المخطوطات العربية،
_c[1986]
300 _a64 صفحة :
_bصور ؛
_c20 سم
336 _aنص
_btxt
_2rdacontent
_3كتاب
337 _aبدون وسيط
_bn
_2rdamedia
338 _aمجلد
_bnc
_2rdacarrier
610 2 7 _aمعهد المخطوطات العربية
_2aucnm
650 7 _aالمخطوطات العربية
_2aucsh
710 2 _aالمنظمة العربية للتربية والثقافة والعلوم.
_eمؤلف.
942 _2ddc
_cBOOK
_n0
949 _aSA-JeALM
_d251126
_umohamedma123
_n1
999 _c13946
_d13946